01680nam a2200349 a 4500001001200000003000800012006001900020007001500039008004100054010001700095020001500112020001800127020002700145040002100172035002100193043001200214050002700226100002600253245019000279250001200469260003800481300003200519504005100551505029300602533015200895650004601047650004601093655002901139710001701168856012601185999001901311ebr10498863CaPaEBRm u cr cn|||||||||100310s2009 nyub sb 001 0 eng d z 2010275855 z193271460X z9781932714609 z9781611210415 (e-book) aCaPaEBRcCaPaEBR a(OCoLC)763157014 an-us-va14aG1294.M25S5bG6 2009eb1 aGottfried, Bradley M.14aThe maps of First Bull Runh[electronic resource] :ban atlas of the First Bull Run (Manassas) Campaign, including the Battle of Ball's Bluff, June-October 1861 /cBradley M. Gottfried. a1st ed. aNew York :bSavas Beatie,cc2009. aix, 134 p. :b51 col. maps. aIncludes bibliographical references and index.0 apt. 1. Maps of First Bull Run/Manassas -- Preliminary movements -- Skirmish at Blackburn's Ford (July 18) -- Bull Run preliminaries -- Matthews Hill Fight -- Henry Hill Fight -- Chinn Ridge -- Blackburn's Ford -- The federal retreat -- pt. 2. August-September 1861 -- pt. 3. Ball's Bluff. aElectronic reproduction.bPalo Alto, Calif. :cebrary,d2011.nAvailable via World Wide Web.nAccess may be limited to ebrary affiliated libraries. 0aBull Run, 1st Battle of, Va., 1861vMaps. 0aBall's Bluff, Battle of, Va., 1861vMaps. 7aElectronic books.2local2 aebrary, Inc.40uhttp://site.ebrary.com/lib/rucke/Doc?id=10498863zAn electronic book accessible through the World Wide Web; click to view c132368d132368